Obras completas / (Record no. 185905)

MARC details
000 -LEADER
campo de control de longitud fija 00536nam a2200169 i 4500
001 - NÚMERO DE CONTROL
campo de control 185905
003 - IDENTIFICADOR DE NÚMERO DE CONTROL
campo de control ES-MaACL
005 - FECHA Y HORA DE LA ÚLTIMA TRANSACCIÓN
campo de control 20251115063322.0
008 - DATOS DE LONGITUD FIJA--INFORMACIÓN GENERAL
campo de control de longitud fija 160822m19461954sp |||| | spa d
100 1# - ENTRADA PRINCIPAL--NOMBRE DE PERSONA
Nombre de persona Muñoz Seca, Pedro,
Fechas asociadas al nombre 1881-1936
9 (RLIN) 84499
245 10 - MENCIÓN DEL TÍTULO
Título Obras completas /
Mención de responsabilidad, etc. Pedro Muñoz Seca.
260 ## - PUBLICACIÓN, DISTRIBUCIÓN, ETC.
Lugar de publicación, distribución, etc. Madrid :
Nombre del editor, distribuidor, etc. Fax,
Fecha de publicación, distribución, etc. 1946-1954.
300 ## - DESCRIPCIÓN FÍSICA
Extensión 4 v. :
Otras características físicas 1 lám. retr. autor ;
Dimensiones 17 cm.
505 8# - NOTA DE CONTENIDO CON FORMATO
Nota de contenido con formato Contiene: Vol. 2, 3, 5,7
852 ## - LOCALIZACIÓN
Ubicación ES-MaACL
Número de control de estantería P-213 bis
Nota libre .- Zapa con hierros dorados
Holdings
Estatus retirado Estado de pérdida Estado de daño No para préstamo Biblioteca de origen Biblioteca actual Ubicación en estantería Fecha de adquisición Fuente de adquisición Total de préstamos Signatura topográfica completa Código de barras Visto por última vez Precio de reemplazo Tipo de ítem Koha
        Biblioteca del Ateneo de Madrid Biblioteca del Ateneo de Madrid Depósito 2 22/08/2016     P-213 bis 1195981 23/02/2023 23/02/2023 Libro impreso